000 00265nam a2200121 a 4500
008 101022s1975|||| d
245 1 0 _aGepard
100 1 _aLampedusa, G.T.
044 _axo
_cSK
041 _aslo
260 _bSmena
_aBratislava
_c1975
020 _c22
999 _c12094
_d12094